Pu poddol (Record no. 115940)

MARC details
000 -LEADER
fixed length control field 00602nam a2200217Ia 4500
003 - CONTROL NUMBER IDENTIFIER
control field OSt
005 - DATE AND TIME OF LATEST TRANSACTION
control field 20260704115754.0
008 - FIXED-LENGTH DATA ELEMENTS--GENERAL INFORMATION
fixed length control field 210210b2003 xxu||||| |||| 00| 0 eng d
040 ## - CATALOGING SOURCE
Transcribing agency AL
041 ## - LANGUAGE CODE
Language code of text/sound track or separate title Tulu
082 ## - DEWEY DECIMAL CLASSIFICATION NUMBER
Classification number T894.3 BANP
100 ## - MAIN ENTRY--PERSONAL NAME
Personal name BANNANJE BABU AMIN
Dates associated with a name ಬನ್ನಂಜೆ ಬಾಬು ಅಮಿನ್
9 (RLIN) 266241
245 ## - TITLE STATEMENT
Title Pu poddol
Remainder of title ಪು ಪೊದ್ದೊಲ್
260 ## - PUBLICATION, DISTRIBUTION, ETC.
Place of publication, distribution, etc. Odipu
Name of publisher, distributor, etc. Kemmalaje Janapada Prakashana
Date of publication, distribution, etc. 2003
300 ## - PHYSICAL DESCRIPTION
Extent viii,170
650 ## - SUBJECT ADDED ENTRY--TOPICAL TERM
Topical term or geographic name entry element Pu
9 (RLIN) 266242
650 ## - SUBJECT ADDED ENTRY--TOPICAL TERM
Topical term or geographic name entry element poddol
9 (RLIN) 266243
690 ## - LOCAL SUBJECT ADDED ENTRY--TOPICAL TERM (OCLC, RLIN)
Topical term or geographic name as entry element Tulu Fiction
9 (RLIN) 266244
906 ## - LOCAL DATA ELEMENT F, LDF (RLIN)
a 061829
942 ## - ADDED ENTRY ELEMENTS (KOHA)
Source of classification or shelving scheme Dewey Decimal Classification
Koha item type Book
Holdings
Withdrawn status Lost status Damaged status Not for loan Collection code Home library Current library Shelving location Date acquired Source of acquisition Cost, normal purchase price Total Checkouts Full call number Barcode Date last seen Date last checked out Price effective from Koha item type
        Tulu St Aloysius Library St Aloysius Library   02/17/2021 Navakarnataka Publication Pvt Ltd., Mangalore. 75.00 1 T894.3 BANP 061829 11/25/2024 11/20/2024 02/17/2021 Book